| 000 | 00737nam 22002053 4500 | ||
|---|---|---|---|
| 001 | 202817 | ||
| 010 | _a978-972-31-1453-9 | ||
| 021 |
_aPT _b346944/12 |
||
| 090 | _a202817 | ||
| 100 | _a20260701d u||y0pory50 ba | ||
| 200 |
_aImagem, corpo, tecnologia : a função háptica das novas imagens tecnológicas _fPatrícia Silveirinha Castello Branco |
||
| 210 |
_a[Lisboa] _cFundação Calouste Gulbenkian _d2013 |
||
| 215 |
_a626 p. _cbrochado _d23 cm |
||
| 225 | _aTextos universitários de ciências sociais e humanas | ||
| 606 |
_98634 _aEstética. Filosofia da Arte. Critica da Arte |
||
| 675 |
_a7.01 _vPT _zpor |
||
| 700 |
_917672 _aBranco _bPatrícia Silveirinha Castello _f1972- |
||
| 801 |
_aPT _bBMMN _gRPC |
||
| 830 | _cVanda | ||
| 990 | _cLIVROS | ||